Los complementos por mayor trabajo realizado: primas e incentivos

Saved in:
Bibliografiske detaljer
Hovedforfatter: Herraiz Martín, María del Sol (Author)
Format: Bog
Sprog:spansk
Udgivet: Madrid Consejo Económico y Social 1997
Udgivelse:1a. ed
Serier:Colección Estudios, 43
Fag:
Tags: Tilføj Tag
Ingen Tags, Vær først til at tagge denne postø!

MARC

LEADER 00000nam a2200000 a 4500
001 UCK4611
003 CL-VaPUC
008 050617e19970000SP |||||||||||||||||spa|d
020 |a 848188054X 
082 0 4 |a 344.4601  |b HER  |2 21 
100 0 |a Herraiz Martín, María del Sol  |e author  |9 493183 
245 1 4 |a Los complementos por mayor trabajo realizado: primas e incentivos 
250 |a 1a. ed 
300 |a 283 p 
942 |c BK 
945 |d 20050617 00:00:00  |a cmena 
260 |a Madrid  |b Consejo Económico y Social  |c 1997 
650 7 |a DERECHO LABORAL  |2 CL-VaPUC  |9 15 
650 7 |a ESTRUCTURA SALARIAL  |2 CL-VaPUC  |9 365619 
650 0 |a Jurisprudencia  |9 255952 
650 0 |a Productividad   |9 335972 
650 0 |a Salarios  |9 255321 
650 7 |a INCENTIVOS  |2 CL-VaPUC  |9 339070 
651 0 |a España  |9 254926 
583 |a last modification  |c 20170731 10:31:25  |k Rodrigo Vera 
490 0 |a Colección Estudios, 43 
999 |c 313436  |d 313434 
952 |0 0  |1 0  |4 0  |6 344_460100000000000_HER_1997  |7 0  |8 A  |9 384770  |a BIBGIM  |b BIBGIM  |d 2019-11-22  |i 4139216  |o 344.4601 HER 1997  |p 4139216  |r 2025-01-15  |w 2019-11-22  |y BK  |k GIM